| 000 | 00509nam a22001697a 4500 | ||
|---|---|---|---|
| 005 | 20251108164942.0 | ||
| 008 | 250721s1997 xx 000 0 ara d | ||
| 082 | 1 | 4 | _a657.02854/حسي |
| 100 | 1 | _aحسين، أحمد حسين علي | |
| 245 | 1 | 0 | _aنظم المعلومات المحاسبية / |
| 264 | 1 |
_aالإسكندريه : _bمكتبة و مطبعة الإشعاع، _c1997. |
|
| 300 | _a449ص | ||
| 650 | 1 | 7 | _aالمحاسبة |
| 650 | 1 | 7 | _aالحواسيب |
| 942 |
_2ddc _cBK |
||
| 999 |
_c18234 _d18234 |
||